000 02395cam a22005054i 4500
003 PE-LiUPU
005 20250731175625.0
008 141006s2015 miu rb 001 0 eng
020 _a0310515955
020 _a9780310515951
035 _a(Sirsi) i9780310515951
035 _a(OCoLC)893099174
_z(OCoLC)895009604
_z(OCoLC)921982909
_z(OCoLC)930016796
040 _aDLC
_bspa
_erda
_cDLC
_dYDX
_dBTCTA
_dBDX
_dYDXCP
_dOCLCF
_dABF
_dOCLCO
_dNLE
_dTLE
_dOCLCO
_dNZABT
_dOCLCQ
_dDHA
_dPE-LiUPU
049 _aPRUA
050 0 0 _aPA851
_b.C36 2015
082 0 0 _a487.4
_bC24
_223
100 1 _aCampbell, Constantine R.,
_eautor.
245 1 0 _aAdvances in the study of Greek :
_bnew insights for reading the New Testament /
_cConstantine R. Campbell.
264 1 _aGrand Rapids, Michigan :
_bZondervan,
_c[2015]
300 _a253 páginas ;
_c23 centímetros
336 _atext
_2rdacontent
337 _aunmediated
_2rdamedia
338 _avolume
_2rdacarrier
504 _aBibliografía : páginas 227-243.
504 _aÍndice : páginas 245-253.
505 0 _aA short history of greek studies: the nineteenth century to the present day -- Linguistic theories -- Lexical semantics and lexicography -- Deponency and the middle voice -- Verbal aspect and aktionsart -- Idiolect, genre, and register -- Discourse analysis I: Hallidayan approaches -- Discourse analysis II: Levinsohn and runge -- Pronunciation -- Teaching and learning greek - Conclusion.
526 _aP145
526 _aP127
526 _aP97
526 _aP35
526 _aP14
526 _aP07
650 4 _alengua griega, Bíblico.
650 4 _aLengua griega, Bíblico
_xSintaxis.
650 7 _aGreek language, Biblical.
_2fast
_0(OCoLC)fst00947303
650 7 _aGreek language, Biblical
_xSyntax.
_2fast
_0(OCoLC)fst00947336
700 1 _aCarson, D. A.,
_eescritor de prólogo.
910 _adbm
_bebj
_cebj
_d20171219
942 _2ddc
_cBOOK
949 _a487.4 C24
_wDEWEY
_c1
_i77585
_lCATALOGING
_mBUL
_p21.00
_r0
_sY
_tBOOK
_u2017-12-19
_xPOSGRADO
_PP85
_0DONACION
_o.STAFF. Colección Teología.
994 _aC0
_bPEPRU
596 _a1
999 _a487.4 C24
_wDEWEY
_c26259
_i77585
_d26259
_e2019-9-20
_f2021-11-11
_g4
_lCCODEBUL1
_mBUL
_n2
_p21.00
_q1
_r0
_sY
_tBOOK
_u2017-12-19
_xTEOLOGIA
_PP85
_0COMPRA
_o.STAFF. Colección Teología.
980 _81
_gALBERTO SANCHEZ Responsable de Automatización